Modern genetics /

Bibliographic Details
Main Author: Serra, J. A. (José Antunes), 1914-
Format: Book
Language:English
Published: London, New York : Academic Press, 1965-1968.
Subjects:

MARC

Tag First Indicator Second Indicator Subfields
LEADER 00000cam a2200000 4500
001 in00000051600
005 20151007072031.0
008 730202m19651968enka b 00010 eng u
010 |a  64021680  
035 |a (OCoLC)00551381 
035 |9 AAE7111AM 
040 |c WSU  |d OCL  |d TXA  |d UtOrBLW 
049 |a TXAM [Also in] [Med Sci]  |c 1  |v 1 [413980]  |v 2 [423641]  |v 3 [429440]  |c 2 [423867] 
090 |a QH431  |b .S5 
092 |a 575.1  |b S487m, 1965-68 
096 |a QH 431 S487m 1965 
100 1 |a Serra, J. A.  |q (José Antunes),  |d 1914- 
245 1 0 |a Modern genetics /  |c by J. A. Serra. 
264 1 |a London,  |a New York :  |b Academic Press,  |c 1965-1968. 
300 |a 3 volumes :  |b illustrations ;  |c 24 cm. 
336 |a text  |b txt  |2 rdacontent 
337 |a unmediated  |b n  |2 rdamedia 
338 |a volume  |b nc  |2 rdacarrier 
504 |a Includes bibliography. 
650 0 |a Genetics. 
999 |a MARS 
999 f f |s e6d680dd-5445-3649-a677-5b2e7c0a6f41  |i b1fbd7c2-d129-347a-b827-f4d75bac968e  |t 0 
952 f f |p ric  |a Texas A&M University  |b Rellis Campus  |c Joint Library Facility  |s JLF  |d Remote Storage  |t 0  |e QH431 .S5  |h Library of Congress classification  |i unmediated -- volume  |k v.2  |m A14800979264 
952 f f |p ric  |a Texas A&M University  |b Rellis Campus  |c Joint Library Facility  |s JLF  |d Remote Storage  |t 0  |e QH431 .S5  |h Library of Congress classification  |i unmediated -- volume  |k v.1  |m A14823341951 
998 f f |a QH431 .S5  |s v.1-v.2  |t 0  |l Remote Storage